000
00267nam a2200109Ia 4500
008
200302s9999 xx 000 0 und d
100
_a
Roger Yee
245
_a
Educational Environments- 2
260
_b
Visual Reference Publications, NY
260
_c
2005
300
_a
211
999
_c
4506
_d
4506